[Event "POL Superleague Rapid"]
[Site "Poland"]
[Date "2023.06.07"]
[Round "9.1"]
[White "Kollars, Dmitrij"]
[Black "Warakomski, Tomasz"]
[Result "1-0"]
[WhiteElo "2607"]
[BlackElo "2533"]
[PlyCount "73"]
[EventDate "2023.04.04"]
[EventType "team-tourn (rapid)"]
[EventRounds "14"]
[EventCountry "POL"]
[SourceTitle "EXT 2024"]
[Source "ChessBase"]
[SourceDate "2023.10.10"]
[SourceVersion "1"]
[SourceVersionDate "2023.10.10"]
[SourceQuality "1"]
[WhiteTeam "Gliwice Akademia Szachowa"]
[BlackTeam "Gliwice Akademia Szachowa II"]
[WhiteTeamCountry "POL"]
[BlackTeamCountry "POL"]

1. e4 c5 2. Nf3 d6 3. Bb5+ Nd7 4. c4 Ngf6 5. Nc3 e6 6. 0-0 Be7 7. d4 cxd4 8. Qxd4 0-0 9. Rd1 Qc7 10. Bxd7 Bxd7 11. Bf4 Rfd8 12. Bxd6 Bxd6 13. Qxd6 Qxc4 14. Ne5 Qc8 15. Qe7 Be8 16. Rac1 Qb8 17. Rxd8 Qxd8 18. Qxb7 Rb8 19. Qxa7 Rxb2 20. Qe3 Qc7 21. Qd4 h5 22. h3 Rb8 23. Nd3 Rd8 24. Nd5 Qb8 25. Nxf6+ gxf6 26. Qe3 Qb5 27. Nf4 h4 28. Qf3 Qg5 29. Re1 Rd2 30. Nh5 Bc6 31. Nxf6+ Kg7 32. Nh5+ Kh6 33. Nf6 Rxa2 34. Ng4+ Kg6 35. Qc3 Bb5 36. Qh8 f6 37. Qg8+ 1-0

[Event "POL Superleague Rapid"]
[Site "Poland"]
[Date "2023.05.09"]
[Round "6.2"]
[White "Bartel, Mateusz"]
[Black "Warakomski, Tomasz"]
[Result "1-0"]
[WhiteElo "2609"]
[BlackElo "2533"]
[PlyCount "113"]
[EventDate "2023.04.04"]
[EventType "team-tourn (rapid)"]
[EventRounds "14"]
[EventCountry "POL"]
[SourceTitle "EXT 2024"]
[Source "ChessBase"]
[SourceDate "2023.10.10"]
[SourceVersion "1"]
[SourceVersionDate "2023.10.10"]
[SourceQuality "1"]
[WhiteTeam "Wroclaw Polonia"]
[BlackTeam "Gliwice Akademia Szachowa II"]
[WhiteTeamCountry "POL"]
[BlackTeamCountry "POL"]

1. e4 c5 2. Nf3 d6 3. Bb5+ Nd7 4. Ba4 Ngf6 5. 0-0 e6 6. Re1 a6 7. c4 Be7 8. d3 0-0 9. Bf4 b5 10. cxb5 Nb6 11. bxa6 Nxa4 12. Qxa4 Bxa6 13. Qc2 Nd7 14. Nc3 Nb8 15. Be3 Nc6 16. a3 Bf6 17. Rad1 Qb6 18. b4 Nd4 19. Bxd4 cxd4 20. Ne2 Bb5 21. Qb2 e5 22. Rd2 Qa6 23. Ra1 Bxd3 24. Ng3 Rfc8 25. h3 Rc3 26. a4 Qc4 27. Ne1 Rb3 28. Qa2 Rxb4 29. Rxd3 Raxa4 30. Qxc4 Rxc4 31. Rxa4 Rxa4 32. Kf1 g6 33. Rd2 Bd8 34. Rb2 Ba5 35. Ke2 Bc3 36. Rb8+ Kg7 37. Nc2 Rc4 38. Kd3 Rc5 39. Ne2 Ba5 40. Rb7 h5 41. Na3 Be1 42. Nc4 Rc6 43. f4 Kf6 44. Nb6 h4 45. Nd5+ Kg7 46. Rb6 Rxb6 47. Nxb6 Kf6 48. Ng1 Bg3 49. Nf3 Ke6 50. Ng5+ Ke7 51. Nd5+ Kf8 52. f5 Kg7 53. f6+ Kf8 54. Ke2 Bh2 55. Nf3 Bg3 56. Nd2 Bh2 57. Nc4 1-0

[Event "POL Superleague Rapid"]
[Site "Poland"]
[Date "2023.05.09"]
[Round "7.2"]
[White "Warakomski, Tomasz"]
[Black "Socko, Bartosz"]
[Result "1-0"]
[WhiteElo "2533"]
[BlackElo "2591"]
[PlyCount "77"]
[EventDate "2023.04.04"]
[EventType "team-tourn (rapid)"]
[EventRounds "14"]
[EventCountry "POL"]
[SourceTitle "EXT 2024"]
[Source "ChessBase"]
[SourceDate "2023.10.10"]
[SourceVersion "1"]
[SourceVersionDate "2023.10.10"]
[SourceQuality "1"]
[WhiteTeam "Gliwice Akademia Szachowa II"]
[BlackTeam "Katowice Wasko"]
[WhiteTeamCountry "POL"]
[BlackTeamCountry "POL"]

1. e4 c6 2. c4 d5 3. cxd5 cxd5 4. exd5 Nf6 5. Nc3 g6 6. Bc4 Bg7 7. Nf3 0-0 8. 0-0 Nbd7 9. d3 a6 10. a4 Qc7 11. Re1 Re8 12. Bg5 h6 13. Bh4 Nb6 14. Qb3 Bf5 15. Bg3 Qd8 16. a5 Nxc4 17. dxc4 Nd7 18. Na4 Qxa5 19. Qxb7 Rac8 20. b4 Qd8 21. Rac1 Bd3 22. Qxa6 Nf6 23. Ne5 Ra8 24. Qb5 Rb8 25. Qc5 Ne4 26. Rxe4 Bxe4 27. Nc6 Qd7 28. Nxb8 Qxa4 29. Qc6 Qxc6 30. Nxc6 e6 31. f3 Bd3 32. d6 Ra8 33. d7 Bf6 34. b5 Bd8 35. Bf2 Bg5 36. Rd1 Bxc4 37. b6 Ba6 38. d8Q+ Bxd8 39. Rxd8+ 1-0

[Event "POL Superleague Rapid"]
[Site "Poland"]
[Date "2023.04.04"]
[Round "2.14"]
[White "Kollars, Dmitrij"]
[Black "Warakomski, Tomasz"]
[Result "1-0"]
[WhiteElo "2607"]
[BlackElo "2533"]
[PlyCount "69"]
[EventDate "2023.04.04"]
[EventType "team-tourn (rapid)"]
[EventRounds "14"]
[EventCountry "POL"]
[SourceTitle "CBM 213 Extra"]
[Source "ChessBase"]
[SourceDate "2023.05.31"]
[SourceVersion "1"]
[SourceVersionDate "2023.05.31"]
[SourceQuality "1"]
[WhiteTeam "Gliwice Akademia Szachowa"]
[BlackTeam "Gliwice Akademia Szachowa"]
[WhiteTeamCountry "POL"]
[BlackTeamCountry "POL"]

1. e4 c5 2. Nf3 e6 3. d4 cxd4 4. Nxd4 a6 5. c4 Nf6 6. Nc3 Bb4 7. Bd3 Nc6 8. Nc2 Bxc3+ 9. bxc3 d5 10. exd5 exd5 11. 0-0 0-0 12. cxd5 Qxd5 13. c4 Qa5 14. Bb2 Ne5 15. Ne3 Be6 16. Be2 Rfd8 17. Qb3 Ne4 18. Rfd1 Nc5 19. Qc2 Ng6 20. Nd5 Bxd5 21. cxd5 Nf4 22. Bf3 Na4 23. Rd4 Re8 24. h4 Re1+ 25. Rxe1 Qxe1+ 26. Kh2 Nxb2 27. Rxf4 Qe5 28. g3 b5 29. Rf5 Qd4 30. d6 Rf8 31. Rd5 Qf6 32. d7 Nc4 33. Qe4 Nd6 34. Qd3 Nb7 35. Rf5 1-0

[Event "CZE-chT 2223"]
[Site "Czech Republic"]
[Date "2023.03.25"]
[Round "10.6"]
[White "Stocek, Jiri"]
[Black "Warakomski, Tomasz"]
[Result "0-1"]
[WhiteElo "2559"]
[BlackElo "2545"]
[PlyCount "92"]
[EventDate "2022.10.15"]
[EventType "team-tourn"]
[EventRounds "11"]
[EventCountry "CZE"]
[SourceTitle "CBM 213 Extra"]
[Source "ChessBase"]
[SourceDate "2023.05.31"]
[SourceVersion "1"]
[SourceVersionDate "2023.05.31"]
[SourceQuality "1"]
[WhiteTeam "Ingem Line"]
[BlackTeam "Hostalkova"]
[WhiteTeamCountry "CZE"]
[BlackTeamCountry "CZE"]

1. d4 Nf6 2. c4 e6 3. Nf3 b6 4. a3 Bb7 5. Bf4 Be7 6. Nc3 0-0 7. Rc1 d6 8. e3 Nbd7 9. Bd3 c5 10. d5 exd5 11. cxd5 Nh5 12. Bg3 g6 13. Nd2 a6 14. a4 Re8 15. Nc4 Nxg3 16. hxg3 Bf8 17. Be2 Ne5 18. Qb3 Nxc4 19. Qxc4 Bg7 20. Rh4 Rb8 21. Re4 Be5 22. f4 Bg7 23. Rxe8+ Qxe8 24. Kf2 Bc8 25. Qe4 Qd8 26. g4 b5 27. axb5 axb5 28. g3 b4 29. Nd1 Ra8 30. g5 Bf5 31. Qc4 Qd7 32. Qb5 Qxb5 33. Bxb5 Bxb2 34. Nxb2 Ra2 35. Kf3 Rxb2 36. Ra1 Bh3 37. g4 Bg2+ 38. Kg3 Rd2 39. Ra8+ Kg7 40. f5 gxf5 41. gxf5 Bxd5 42. Rd8 b3 43. Bd7 f6 44. Be6 fxg5 45. Rxd6 b2 46. f6+ Kxf6 0-1

[Event "CZE-chT 2223"]
[Site "Czech Republic"]
[Date "2023.03.24"]
[Round "9.4"]
[White "Korobov, Anton"]
[Black "Warakomski, Tomasz"]
[Result "1-0"]
[WhiteElo "2672"]
[BlackElo "2545"]
[PlyCount "59"]
[EventDate "2022.10.15"]
[EventType "team-tourn"]
[EventRounds "11"]
[EventCountry "CZE"]
[SourceTitle "CBM 213 Extra"]
[Source "ChessBase"]
[SourceDate "2023.05.31"]
[SourceVersion "1"]
[SourceVersionDate "2023.05.31"]
[SourceQuality "1"]
[WhiteTeam "Frydek Mistek"]
[BlackTeam "Hostalkova"]
[WhiteTeamCountry "CZE"]
[BlackTeamCountry "CZE"]

1. d4 Nf6 2. c4 e6 3. Nf3 d5 4. Nc3 dxc4 5. e4 Bb4 6. Bxc4 Nxe4 7. 0-0 Nf6 8. Bg5 c6 9. Qe2 Be7 10. Rad1 Nbd7 11. Rfe1 0-0 12. h4 Nb6 13. Bd3 Nfd5 14. Ne4 f6 15. Bc1 Qe8 16. Bb1 Nc7 17. Bf4 Nbd5 18. Bg3 Qh5 19. Qc2 Rd8 20. a3 Bd7 21. Bxc7 Nxc7 22. Ng3 Qh6 23. Nf5 exf5 24. Rxe7 Kh8 25. Ba2 Qf4 26. Rde1 Qd6 27. Qc5 Nb5 28. a4 Qxc5 29. dxc5 Nc7 30. Rf7 1-0

[Event "CZE-chT 2223"]
[Site "Czech Republic"]
[Date "2023.02.18"]
[Round "7.4"]
[White "Warakomski, Tomasz"]
[Black "Harikrishna, Pentala"]
[Result "0-1"]
[WhiteElo "2545"]
[BlackElo "2717"]
[PlyCount "86"]
[EventDate "2022.10.15"]
[EventType "team-tourn"]
[EventRounds "11"]
[EventCountry "CZE"]
[SourceTitle "CBM 213 Extra"]
[Source "ChessBase"]
[SourceDate "2023.05.31"]
[SourceVersion "1"]
[SourceVersionDate "2023.05.31"]
[SourceQuality "1"]
[WhiteTeam "Hostalkova"]
[BlackTeam "Novoborsky"]
[WhiteTeamCountry "CZE"]
[BlackTeamCountry "CZE"]

1. e4 e5 2. Bc4 Nf6 3. d3 Nc6 4. Nf3 Bc5 5. 0-0 d6 6. a4 a6 7. Re1 h6 8. a5 0-0 9. c3 Be6 10. Bxe6 fxe6 11. d4 Ba7 12. h3 Qe8 13. Be3 Nh5 14. dxe5 Bxe3 15. Rxe3 Nxe5 16. Nxe5 dxe5 17. g3 Rd8 18. Qe2 Qg6 19. b4 Nf4 20. Qf1 Rf6 21. Kh2 Nh5 22. Ra2 Qg5 23. Qe1 Rf7 24. Rd2 Rdf8 25. Rde2 Nf6 26. Nd2 Qh5 27. Kg2 Nh7 28. Nc4 Ng5 29. g4 Qh4 30. Nxe5 Rf3 31. Rxf3 Rxf3 32. Rd2 Qxh3+ 33. Kg1 Rf8 34. Rd7 Qh4 35. Rd3 Nxe4 36. Qxe4 Qxf2+ 37. Kh1 Qf1+ 38. Kh2 Rf2+ 39. Kg3 Qg1+ 40. Kh4 Rh2+ 41. Rh3 Qf2+ 42. Kh5 Rxh3+ 43. Kg6 Qf6# 0-1

[Event "CZE-chT 2223"]
[Site "Czech Republic"]
[Date "2022.12.04"]
[Round "4.6"]
[White "Pechac, Jergus"]
[Black "Warakomski, Tomasz"]
[Result "1-0"]
[WhiteElo "2633"]
[BlackElo "2545"]
[PlyCount "83"]
[EventDate "2022.10.15"]
[EventType "team-tourn"]
[EventRounds "11"]
[EventCountry "CZE"]
[SourceTitle "CBM 213 Extra"]
[Source "ChessBase"]
[SourceDate "2023.05.31"]
[SourceVersion "1"]
[SourceVersionDate "2023.05.31"]
[SourceQuality "1"]
[WhiteTeam "Pardubice"]
[BlackTeam "Hostalkova"]
[WhiteTeamCountry "CZE"]
[BlackTeamCountry "CZE"]

1. c4 e5 2. d3 f5 3. g3 Nf6 4. Nc3 c6 5. Nf3 d6 6. Bg2 a5 7. 0-0 Be7 8. c5 Nbd7 9. d4 dxc5 10. dxe5 Ng4 11. e6 Nf8 12. Qc2 Nxe6 13. Rd1 Qb6 14. h3 Nf6 15. Qxf5 0-0 16. Qe5 Re8 17. b3 Kh8 18. Bb2 Bf8 19. g4 Nd4 20. Qg5 a4 21. e3 Nxf3+ 22. Bxf3 axb3 23. a3 c4 24. Qh4 Ra5 25. Rd4 g5 26. Qg3 Be6 27. Ne4 Nxe4 28. Rxe4+ Kg8 29. Rd1 Rc5 30. Re5 Kf7 31. Rxg5 c3 32. Qf4+ Ke7 33. Qd6+ Kf7 34. Qf4+ Ke7 35. Bxc3 Rxc3 36. Rh5 h6 37. g5 Bg7 38. Rxh6 Rd8 39. Rh7 Rxd1+ 40. Bxd1 Rd3 41. Rxg7+ Ke8 42. Bh5+ 1-0

[Event "CZE-chT 2223"]
[Site "Czech Republic"]
[Date "2022.10.15"]
[Round "1.2"]
[White "Sahidi, Samir"]
[Black "Warakomski, Tomasz"]
[Result "1/2-1/2"]
[WhiteElo "2470"]
[BlackElo "2545"]
[PlyCount "53"]
[EventDate "2022.10.15"]
[EventType "team-tourn"]
[EventRounds "11"]
[EventCountry "CZE"]
[SourceTitle "CBM 210 Extra"]
[Source "ChessBase"]
[SourceDate "2022.11.30"]
[SourceVersion "1"]
[SourceVersionDate "2022.11.30"]
[SourceQuality "1"]
[WhiteTeam "Praha Dopravni Podnik"]
[BlackTeam "Hostalkova"]
[WhiteTeamCountry "CZE"]
[BlackTeamCountry "CZE"]

1. e4 c5 2. Nf3 e6 3. c4 Nc6 4. d4 cxd4 5. Nxd4 Nf6 6. Nc3 Bb4 7. Qd3 0-0 8. Nxc6 dxc6 9. e5 Nd7 10. f4 Nc5 11. Qxd8 Rxd8 12. Bd2 Na4 13. 0-0-0 Nxc3 14. Bxc3 Rxd1+ 15. Kxd1 Bxc3 16. bxc3 c5 17. Bd3 Bd7 18. Be4 Ba4+ 19. Ke2 Rd8 20. g4 b6 21. h4 f6 22. exf6 gxf6 23. Bd3 e5 24. fxe5 Re8 25. Ke3 Rxe5+ 26. Kf4 h6 27. Rh2 1/2-1/2

[Event "POL-chT Ekstraliga"]
[Site "Bydgoszcz"]
[Date "2022.09.09"]
[Round "7.2"]
[White "Mastrovasilis, Dimitrios"]
[Black "Warakomski, Tomasz"]
[Result "1-0"]
[WhiteElo "2599"]
[BlackElo "2541"]
[PlyCount "51"]
[EventDate "2022.09.03"]
[EventType "team-tourn"]
[EventRounds "9"]
[EventCountry "POL"]
[SourceTitle "CBM 210 Extra"]
[Source "ChessBase"]
[SourceDate "2022.11.30"]
[SourceVersion "1"]
[SourceVersionDate "2022.11.30"]
[SourceQuality "1"]
[WhiteTeam "Wroclaw Polonia"]
[BlackTeam "Gliwice Akademia Szachowa"]
[WhiteTeamCountry "POL"]
[BlackTeamCountry "POL"]

1. e4 c5 2. Nf3 e6 3. d4 cxd4 4. Nxd4 a6 5. c4 Nf6 6. Nc3 Bb4 7. Qd3 d6 8. Nc2 Bxc3+ 9. Qxc3 0-0 10. f3 e5 11. Be3 b5 12. Rd1 Bb7 13. Qa3 Ne8 14. Be2 Qc7 15. 0-0 bxc4 16. Qc3 Nc6 17. Na3 Rc8 18. Nxc4 Ne7 19. Qa5 d5 20. Qxc7 Rxc7 21. Nxe5 f6 22. Nd3 dxe4 23. fxe4 Bxe4 24. Nc5 Nf5 25. Bf2 Ned6 26. g4 1-0

[Event "Warsaw Maciei Memorial"]
[Site "Warsaw"]
[Date "2022.07.08"]
[Round "4"]
[White "Warakomski, Tomasz"]
[Black "Koziorowicz, Michal"]
[Result "0-1"]
[WhiteElo "2535"]
[BlackElo "2231"]
[PlyCount "58"]
[EventDate "2022.07.08"]
[EventType "swiss (blitz)"]
[EventRounds "11"]
[EventCountry "POL"]
[SourceTitle "CBM 209 Extra"]
[Source "ChessBase"]
[SourceDate "2022.09.30"]
[SourceVersion "1"]
[SourceVersionDate "2022.09.30"]
[SourceQuality "1"]

1. e4 c5 2. Nf3 d6 3. d4 cxd4 4. Nxd4 Nf6 5. Nc3 g6 6. f4 Bg7 7. Nf3 0-0 8. Bd3 Nc6 9. 0-0 a6 10. a4 Bd7 11. Kh1 Nb4 12. Be3 Qa5 13. Qe1 Nxd3 14. cxd3 Rfc8 15. e5 Ng4 16. Bd4 Bc6 17. exd6 exd6 18. Bxg7 Kxg7 19. Ng5 Re8 20. Qh4 h5 21. f5 Ne3 22. Nce4 Nxf5 23. Rxf5 Qxf5 24. Nxd6 Qd5 25. Nxe8+ Rxe8 26. Ne4 Qxd3 27. Qf6+ Kg8 28. Nd6 Qd5 29. Rg1 Qxg2+ 0-1

[Event "Krakow op-A"]
[Site "Krakow"]
[Date "2022.06.26"]
[Round "3"]
[White "Pechac, Jergus"]
[Black "Warakomski, Tomasz"]
[Result "0-1"]
[WhiteElo "2598"]
[BlackElo "2535"]
[PlyCount "160"]
[EventDate "2022.06.25"]
[EventType "swiss"]
[EventRounds "9"]
[EventCountry "POL"]
[SourceTitle "CBM 209 Extra"]
[Source "ChessBase"]
[SourceDate "2022.09.30"]
[SourceVersion "1"]
[SourceVersionDate "2022.09.30"]
[SourceQuality "1"]

1. d4 Nf6 2. c4 e6 3. Nc3 Bb4 4. e3 0-0 5. Bd3 d5 6. Nf3 dxc4 7. Bxc4 c5 8. 0-0 cxd4 9. exd4 b6 10. Qa4 Be7 11. Be3 Qe8 12. Qxe8 Rxe8 13. d5 exd5 14. Nxd5 Be6 15. Nxe7+ Rxe7 16. Bb5 Bd7 17. Bd3 Nc6 18. Rfc1 Nb4 19. Bf1 Nbd5 20. Bd4 Rae8 21. h3 Ne4 22. Rd1 Nb4 23. Ne1 Bc6 24. a3 Nd5 25. Nf3 Nd6 26. Rac1 Bb7 27. b4 Nf5 28. Bb5 Nf4 29. Bxe8 Ne2+ 30. Kh2 Nxc1 31. Bb5 Bxf3 32. Rxc1 Bb7 33. Bb2 f6 34. Rd1 Rc7 35. Rd8+ Kf7 36. Bd3 Nh4 37. f3 Ng6 38. Kg3 h6 39. a4 Ne7 40. h4 Nc6 41. Bc4+ Kg6 42. Rf8 Nxb4 43. Bf7+ Kf5 44. Ba3 a5 45. h5 Ke5 46. Bb2+ Kd6 47. Bg6 Bc6 48. Bc1 Rb7 49. Bf4+ Ke6 50. Kg4 Bxa4 51. Bf5+ Ke7 52. Rg8 Kf7 53. Rh8 Nd5 54. Bxh6 Bd7 55. Bc1 Bxf5+ 56. Kxf5 b5 57. Ke4 Nc3+ 58. Kd3 b4 59. h6 Rd7+ 60. Kc4 Rc7+ 61. Kb3 a4+ 62. Kxb4 Na2+ 63. Kxa4 Nxc1 64. Ka3 Kg6 65. hxg7 Kxg7 66. Rd8 Ne2 67. Kb3 Kf7 68. Rh8 Rc5 69. Kb4 Rc2 70. Rh7+ Kg6 71. Rh4 f5 72. Kb3 Rd2 73. Kc4 Ng3 74. Rh2 Kg5 75. Kc3 Rd1 76. Rh8 Kf4 77. Ra8 Ke3 78. Ra2 Ne2+ 79. Kc4 Rc1+ 80. Kb4 f4 0-1

[Event "POL-UKR Charity m"]
[Site "Chess.com INT"]
[Date "2022.06.04"]
[Round "1"]
[White "Bilych, Olexiy"]
[Black "Warakomski, Tomasz"]
[Result "1-0"]
[WhiteElo "2365"]
[BlackElo "2535"]
[PlyCount "41"]
[EventDate "2022.06.04"]
[EventType "team-match (rapid)"]
[EventRounds "2"]
[EventCountry "UKR"]
[SourceTitle "CBM 208 Extra"]
[Source "ChessBase"]
[SourceDate "2022.07.31"]
[SourceVersion "1"]
[SourceVersionDate "2022.07.31"]
[SourceQuality "1"]
[WhiteTeam "Ukraine"]
[BlackTeam "Poland"]
[WhiteTeamCountry "UKR"]
[BlackTeamCountry "POL"]

1. e4 c5 2. Nf3 e6 3. d4 cxd4 4. Nxd4 a6 5. Nc3 b5 6. Bd3 Qb6 7. Nf3 Qc7 8. 0-0 Bb7 9. Re1 b4 10. Na4 Bc6 11. c3 Bxa4 12. Qxa4 bxc3 13. Be3 Nc6 14. bxc3 Nf6 15. Rab1 Be7 16. c4 0-0 17. Bb6 Qf4 18. e5 Ng4 19. Re4 Qf5 20. Qd1 Ngxe5 21. Rxe5 1-0

[Event "NED-chT 2122"]
[Site "Netherlands"]
[Date "2022.05.21"]
[Round "5.6"]
[White "Warakomski, Tomasz"]
[Black "Burg, Twan"]
[Result "1/2-1/2"]
[WhiteElo "2534"]
[BlackElo "2508"]
[PlyCount "170"]
[EventDate "2021.09.18"]
[EventType "team-tourn"]
[EventRounds "9"]
[EventCountry "NED"]
[SourceTitle "EXT 2023"]
[Source "ChessBase"]
[SourceDate "2022.10.05"]
[SourceVersion "1"]
[SourceVersionDate "2022.10.05"]
[SourceQuality "1"]
[WhiteTeam "Groningen Combinatie"]
[BlackTeam "Den Bosch HMC"]
[WhiteTeamCountry "NED"]
[BlackTeamCountry "NED"]

1. e4 e5 2. Nf3 Nf6 3. Nxe5 d6 4. Nf3 Nxe4 5. d4 d5 6. Bd3 Bd6 7. 0-0 0-0 8. c4 c6 9. Nc3 Nxc3 10. bxc3 dxc4 11. Bxc4 Bf5 12. Bd3 Bxd3 13. Qxd3 Nd7 14. c4 Re8 15. Bb2 Nf8 16. g3 Qa5 17. Nh4 Rad8 18. Nf5 Ne6 19. d5 Bf8 20. Rad1 cxd5 21. cxd5 f6 22. Qc4 Qc5 23. Qb3 Ng5 24. d6+ Nf7 25. d7 Re4 26. Rd5 Rb4 27. Qd1 Qc6 28. Ba3 Rb5 29. Bxf8 Rxd5 30. Qg4 g6 31. Ne7+ Kxf8 32. Nxc6 bxc6 33. Rc1 Rd6 34. Qb4 Kg7 35. Qa4 R8xd7 36. Rxc6 Rxc6 37. Qxc6 Re7 38. Qc5 Rd7 39. Qc6 Re7 40. a4 h5 41. a5 Nh6 42. Qc5 Kf7 43. a6 Ng8 44. Qd5+ Kg7 45. Qd4 Kf7 46. Kg2 Nh6 47. Qd5+ Kg7 48. Qc5 Kf7 49. h3 Ng8 50. g4 hxg4 51. hxg4 g5 52. f4 gxf4 53. Kf3 Rd7 54. Qc4+ Kg7 55. Qc6 Re7 56. Kxf4 Nh6 57. Qd6 Ng8 58. Kg3 Kf7 59. Qd5+ Kg7 60. Kh4 Re5 61. Qb7+ Re7 62. Kh5 Kf7 63. Qb3+ Kg7 64. Qc3 Re5+ 65. Kh4 Kf7 66. Qc4+ Kf8 67. Qf4 Ke8 68. Qf2 Re7 69. Kh5 Kf7 70. Qd4 Re5+ 71. g5 Re7 72. Qd5+ Kg7 73. Qd4 Kf7 74. Qc4+ Kg7 75. Qc3 Kf7 76. Qb3+ Kg7 77. Qb2 Kf7 78. g6+ Kg7 79. Qb7 Kf8 80. Kg4 Kg7 81. Kh5 Kf8 82. Qc8+ Kg7 83. Qd8 Re4 84. Qa8 Re7 85. Qb7 Kf8 1/2-1/2

[Event "POL-ch Lotto Loser 79th"]
[Site "Kruszwica"]
[Date "2022.05.11"]
[Round "1.1"]
[White "Warakomski, Tomasz"]
[Black "Gumularz, Szymon"]
[Result "1/2-1/2"]
[WhiteElo "2534"]
[BlackElo "2513"]
[PlyCount "52"]
[EventDate "2022.05.11"]
[EventType "k.o."]
[EventRounds "2"]
[EventCountry "POL"]
[SourceTitle "CBM 208 Extra"]
[Source "ChessBase"]
[SourceDate "2022.07.31"]
[SourceVersion "1"]
[SourceVersionDate "2022.07.31"]
[SourceQuality "1"]

1. e4 e5 2. Nf3 Nc6 3. Bc4 Bc5 4. 0-0 Nf6 5. d3 d6 6. c3 a5 7. Re1 0-0 8. h3 h6 9. Nbd2 Be6 10. Bb5 Nd7 11. Nf1 f5 12. exf5 Bxf5 13. d4 Bb6 14. Ng3 Bg6 15. Be3 exd4 16. Nxd4 Nxd4 17. Bxd4 Bxd4 18. Qxd4 Ne5 19. f4 Nc6 20. Bxc6 bxc6 21. Re6 c5 22. Qe3 Rf6 23. Re7 Rf7 24. Re6 Rf6 25. Re7 Rf7 26. Re6 Rf6 1/2-1/2

[Event "PGNiG POL Cup"]
[Site "Elblag"]
[Date "2022.04.09"]
[Round "2"]
[White "Czarnecka, Lidia"]
[Black "Warakomski, Tomasz"]
[Result "1/2-1/2"]
[WhiteElo "1940"]
[BlackElo "2531"]
[PlyCount "113"]
[EventDate "2022.04.09"]
[EventType "swiss (rapid)"]
[EventRounds "9"]
[EventCountry "POL"]
[SourceTitle "CBM 207 Extra"]
[Source "ChessBase"]
[SourceDate "2022.05.31"]
[SourceVersion "1"]
[SourceVersionDate "2022.05.31"]
[SourceQuality "1"]

1. e4 c5 2. Nf3 e6 3. d4 cxd4 4. Nxd4 a6 5. Bd3 g6 6. 0-0 Bg7 7. Be3 Nc6 8. c3 Nge7 9. Nd2 d5 10. N2b3 0-0 11. Qd2 Ne5 12. Bg5 Nxd3 13. Qxd3 dxe4 14. Qxe4 h6 15. Bd2 e5 16. Nf3 f5 17. Qc4+ Qd5 18. Qc7 Nc6 19. Rad1 Qd8 20. Qxd8 Rxd8 21. Be3 Be6 22. Bb6 Rxd1 23. Rxd1 Re8 24. Nc5 Bc8 25. a4 e4 26. Nd4 Ne5 27. b3 Kf7 28. Kf1 e3 29. f3 Nd7 30. Nxd7 Bxd7 31. f4 g5 32. Ne2 Bc6 33. Rd3 gxf4 34. Nxf4 Be4 35. Rxe3 Bc2 36. Rf3 Bxb3 37. Nh5 Bc4+ 38. Kf2 Re2+ 39. Kg1 Re1+ 40. Kf2 Rf1+ 41. Ke3 Rxf3+ 42. Kxf3 Bxc3 43. Nf4 a5 44. Ne2 Bb4 45. Nd4 Bd5+ 46. Kf4 Bxg2 47. Nxf5 Bc6 48. Nxh6+ Kg6 49. Ng4 Bxa4 50. Ne5+ Kf6 51. Nc4 Bb5 52. Nxa5 Bd6+ 53. Ke3 Bxh2 54. Bd4+ Ke6 55. Nxb7 Kd5 56. Bf6 Bc7 57. Bd8 1/2-1/2

[Event "POL-ch Ekstraliga-A Rapid"]
[Site "Bydgoszcz"]
[Date "2022.03.12"]
[Round "8.2"]
[White "Skawinski, Arkadiusz"]
[Black "Warakomski, Tomasz"]
[Result "1/2-1/2"]
[WhiteElo "2366"]
[BlackElo "2531"]
[PlyCount "55"]
[EventDate "2022.03.11"]
[EventType "team-tourn (rapid)"]
[EventRounds "10"]
[EventCountry "POL"]
[SourceTitle "CBM 207 Extra"]
[Source "ChessBase"]
[SourceDate "2022.05.31"]
[SourceVersion "1"]
[SourceVersionDate "2022.05.31"]
[SourceQuality "1"]
[WhiteTeam "Wisznia Mala Bialy Krol"]
[BlackTeam "Gliwice Akademia Szachowa"]
[WhiteTeamCountry "POL"]
[BlackTeamCountry "POL"]

1. e4 c5 2. Nf3 e6 3. c3 d5 4. exd5 exd5 5. d4 Nc6 6. Bb5 Bd6 7. 0-0 Nge7 8. h3 0-0 9. dxc5 Bxc5 10. Nbd2 a6 11. Bd3 Bf5 12. Nb3 Ba7 13. Bf4 Qd7 14. Re1 Rfe8 15. Qd2 Bxd3 16. Qxd3 Qf5 17. Qxf5 Nxf5 18. g4 Nfe7 19. Be3 Bxe3 20. Rxe3 Ng6 21. Rae1 Rxe3 22. Rxe3 Nf4 23. Kh2 Ne6 24. Kg3 Kf8 25. Nfd4 Ncxd4 26. Nxd4 Nxd4 27. cxd4 Rc8 28. Rc3 1/2-1/2

[Event "POL-ch Ekstraliga-A Rapid"]
[Site "Bydgoszcz"]
[Date "2022.03.12"]
[Round "6.2"]
[White "Warakomski, Tomasz"]
[Black "Brzezinski, Mateusz"]
[Result "1-0"]
[WhiteElo "2531"]
[BlackElo "2187"]
[PlyCount "103"]
[EventDate "2022.03.11"]
[EventType "team-tourn (rapid)"]
[EventRounds "10"]
[EventCountry "POL"]
[SourceTitle "CBM 207 Extra"]
[Source "ChessBase"]
[SourceDate "2022.05.31"]
[SourceVersion "1"]
[SourceVersionDate "2022.05.31"]
[SourceQuality "1"]
[WhiteTeam "Gliwice Akademia Szachowa"]
[BlackTeam "Bydgoszcz Hetman"]
[WhiteTeamCountry "POL"]
[BlackTeamCountry "POL"]

1. e4 c5 2. Nf3 Nc6 3. Bb5 e6 4. Bxc6 bxc6 5. d3 Ne7 6. h4 h5 7. e5 d6 8. exd6 Ng6 9. Nc3 Bxd6 10. Ne4 Rb8 11. b3 e5 12. Nxd6+ Qxd6 13. Ng5 Qd4 14. Be3 Qb4+ 15. Kf1 Bf5 16. Qf3 Ne7 17. Re1 f6 18. Ne4 Bxe4 19. Qxe4 Qxe4 20. dxe4 c4 21. Rd1 Kf7 22. Ke2 Rhd8 23. Bxa7 Rxd1 24. Rxd1 Ra8 25. Rd7 Ke6 26. Rb7 Ng6 27. g3 Nf8 28. bxc4 Nd7 29. a4 Kd6 30. a5 c5 31. a6 Kc6 32. Kf3 g6 33. Ke3 f5 34. f4 exf4+ 35. Kxf4 fxe4 36. Kxe4 Re8+ 37. Kf4 Rf8+ 38. Kg5 Rf3 39. Bb8 Ra3 40. Bf4 Nf8 41. Rf7 Ne6+ 42. Kxg6 Rxa6 43. Kxh5 Ra4 44. Kg4 Rxc4 45. h5 Rxc2 46. h6 Rh2 47. h7 Kd5 48. Bg5 Nxg5 49. Kxg5 c4 50. Kg6 c3 51. Rc7 c2 52. Rxc2 1-0